| 000 | 01172nam0a22003011 4500 | ||
|---|---|---|---|
| 001 | rc\2130936 | ||
| 005 | 20260407122724.0 | ||
| 035 | _a(NLR Aleph) 006626763 | ||
| 090 |
_a7507851 _c7507851 |
||
| 100 | _a20110829d1978 |||y0rusy50 ca | ||
| 101 | 0 | _arus | |
| 102 | _aRU | ||
| 105 | _ay z ||||| | ||
| 200 | 1 |
_aXXV съезд КПСС о социальных резервах производства _eМетод. материалы _fО-во "Знание" РСФСР. Рост. обл. организация |
|
| 210 |
_aРостов-на-Дону _cБ. и. _d1978 |
||
| 215 |
_a[1], 35 с. _d20 |
||
| 225 | 1 | _aВ помощь лектору | |
| 300 | _aВ вып. дан.: подгот. Бурдов В.Т., Бурдова И.В. | ||
| 320 | _aБиблиогр.: с. 35 | ||
| 702 | 1 |
_aБурдова _bИ.В. _4220 |
|
| 702 | 1 |
_aБурдов _bВ.Т. _4220 |
|
| 712 | 0 | 2 |
_a"Знание", общество РСФСР _bРостовское областное отделение _3RU\NLR\AUTH\889959508 _9415187 |
| 801 | 0 |
_aRU _bNLR _gpsbo |
|
| 801 | 1 |
_aRU _bELAR _2rusmarc |
|
| 852 |
_aNLR _j78-4/18326 |
||
| 899 |
_aRuMoRGB _jM 78-11/2690 |
||
| 942 | _cBOOK | ||
| 980 | _aNB | ||